| 000 | 00585nam a2200193 a 4500 | ||
|---|---|---|---|
| 008 | 011117t2015 ag |||g |||| 000 p spa d | ||
| 020 | _a9789871869466 | ||
| 041 | _aspa | ||
| 092 |
_c808 _l97 _sYEA |
||
| 100 | 1 |
_aYeannoteguy, Gabriel _93326 |
|
| 245 | 3 |
_aEl patrón / _cGabriel Yeannoteguy |
|
| 250 | _a1a ed. | ||
| 260 |
_aBuenos Aires: _bEn Danza; _c2015. |
||
| 300 |
_a100 p. _c22x15 cm. |
||
| 500 | _aYeannoteguy, G. (2015). El patrón. (1a ed.). Buenos Aires : En Danza. | ||
| 590 | _aDonación. Proyecto Literatura 4to libro | ||
| 655 |
_aLiteratura _92917 |
||
| 942 |
_2ddc _cLIT |
||
| 999 |
_c2551 _d2551 |
||